Dom Casmurro : (Record no. 89)

MARC details
000 -LEADER
fixed length control field 01291pam a2200373 x 4500
001 - CONTROL NUMBER
control field 748774
008 - FIXED-LENGTH DATA ELEMENTS--GENERAL INFORMATION
fixed length control field 980914s1997 nyu 00011 eng b
010 ## - LIBRARY OF CONGRESS CONTROL NUMBER
LC control number 96044126
015 ## - NATIONAL BIBLIOGRAPHY NUMBER
National bibliography number b9816050
020 ## - INTERNATIONAL STANDARD BOOK NUMBER
International Standard Book Number 0195103084
020 10 - INTERNATIONAL STANDARD BOOK NUMBER
International Standard Book Number 0195103084
Terms of availability m
041 10 - LANGUAGE CODE
Language code of text/sound track or separate title engpor
082 00 - DEWEY DECIMAL CLASSIFICATION NUMBER
Classification number 869.3
Edition information 21
100 10 - MAIN ENTRY--PERSONAL NAME
Personal name Machado de Assis,
Dates associated with a name 1839-1908.
9 (RLIN) 90
240 40 - UNIFORM TITLE
Uniform title Dom Casmurro.
Language of a work English
245 00 - TITLE STATEMENT
Title Dom Casmurro :
Remainder of title a novel /
Statement of responsibility, etc. by Joaquim Maria Machado de Assis ; translated from the Portuguese by John Gledson ; with a foreword by John Gledson and an afterword by João Adolfo Hansen.
260 ## - PUBLICATION, DISTRIBUTION, ETC.
Place of publication, distribution, etc. New York ;
-- Oxford :
Name of publisher, distributor, etc. Oxford University Press,
Date of publication, distribution, etc. 1997.
300 ## - PHYSICAL DESCRIPTION
Extent xxvii, 258p
Dimensions 22cm
350 00 - PRICE (NR) (BK AM CF MU VM SE) [OBSOLETE]
Price No price : Formerly CIP
440 00 - SERIES STATEMENT/ADDED ENTRY--TITLE
Title Library of Latin America
9 (RLIN) 91
546 00 - LANGUAGE NOTE
Language note Translated from the Portuguese.
610 20 - SUBJECT ADDED ENTRY--CORPORATE NAME
Corporate name or jurisdiction name as entry element Catholic Church
General subdivision Fiction.
9 (RLIN) 92
650 #0 - SUBJECT ADDED ENTRY--TOPICAL TERM
Topical term or geographic name entry element Reminiscing in old age
General subdivision Fiction.
9 (RLIN) 93
650 #0 - SUBJECT ADDED ENTRY--TOPICAL TERM
Topical term or geographic name entry element Adultery
General subdivision Fiction.
9 (RLIN) 94
650 #0 - SUBJECT ADDED ENTRY--TOPICAL TERM
Topical term or geographic name entry element Authorship
General subdivision Fiction.
9 (RLIN) 95
700 11 - ADDED ENTRY--PERSONAL NAME
Personal name Gledson, John.
9 (RLIN) 96
910 20 - USER-OPTION DATA (OCLC)
User-option data Roman Catholic Church
-- Catholic Church
942 ## - ADDED ENTRY ELEMENTS (KOHA)
Source of classification or shelving scheme Dewey Decimal Classification
Koha item type Books
956 ## - LOCAL ELECTRONIC LOCATION AND ACCESS (OCLC)
Host name NLS
Holdings
Withdrawn status Lost status Damaged status Not for loan Collection Home library Current library Shelving location Date acquired Barcode Date last seen Price effective from Koha item type
        Reference Fairview Fairview General stacks 09/04/2014 39999000003697 09/04/2014 09/04/2014 Books